000
00294nam a2200121Ia 4500
005
20251222144826.0
008
251222s9999||||xx |||||||||||||| ||spa||
082
_a
070.41/R74
100
_a
Rodríguez Castelo, Hernán
245
0
_a
Redacción Periodística:
264
_b
Quipus
942
_c
LIB
999
_c
20666
_d
20666